[Event "Calcutta"]
[Site "Calcutta"]
[Date "1986.??.??"]
[Round "?"]
[White "Inkiov, Ventzislav"]
[Black "Vaidya, Arun B"]
[Result "1-0"]
[WhiteElo "2465"]
[BlackElo "2340"]

1.d4 Nf6 2.c4 e6 3.Nf3 b6 4.g3 Ba6 5.Qa4 Qc8 6.Bg2 c5 7.dxc5 Bxc5 8.Nc3 O-O
9.Bg5 Be7 10.Rc1 Bb7 11.O-O d6 12.Rfd1 a6 13.Bxf6 gxf6 14.Ne1 f5 15.e4 fxe4
16.Nxe4 Rd8 17.Qb3 f5 18.Nc3 Nd7 19.Na4 Bxg2 20.Nxg2 Qc6 21.Nf4 Nc5 22.Nxc5 dxc5
23.Qc3 Rxd1+ 24.Rxd1 Rd8 25.Rxd8+ Bxd8 26.Qe5 Bc7 27.Qxe6+ Qxe6 28.Nxe6 Be5
29.f4 Bxb2 30.a4 Kf7 31.Nc7 Bc3 32.Nxa6 Ke6 33.Nc7+ Kd7 34.Nd5 Bd4+ 35.Kg2 Kc6
36.Ne7+ Kb7 37.Nxf5 Bf6 38.Ne3  1-0

[Event "Calcutta"]
[Site "Calcutta"]
[Date "1986.??.??"]
[Round "?"]
[White "Vaidya, Arun B"]
[Black "Razuvaev, Yuri S"]
[Result "1/2-1/2"]
[WhiteElo "2340"]
[BlackElo "2525"]

1.d4 Nf6 2.c4 e6 3.Nf3 b6 4.g3 Ba6 5.b3 Bb4+ 6.Bd2 Be7 7.Bg2 O-O 8.Nc3 d5
9.cxd5 exd5 10.Qc2 Bb7 11.O-O Na6 12.Rfd1 Re8 13.a3 c6 14.Ne5 Bd6 15.Bf4 Nc7
16.Nd3 Ne6 17.Be5 Bf8 18.Nf4 Ng5 19.h4 Nge4 20.Nxe4 Nxe4 21.Nd3 Qd7 22.b4 a5
23.Rdb1 axb4 24.axb4 Ba6 25.Nc1 Qe6 26.Bc7 Bb5 27.Qb2 Nd6 28.Bxd6 Qxd6 29.Ra2 Bc4
30.Ra3 Qg6 31.Rba1 Rxa3 32.Rxa3 Qd6 33.Nd3 f6 34.e3 Qd7 35.Bf1 Bd6 36.Ra4 h6
37.Qa1 Qf5 38.Ra8 Rf8 39.Rxf8+ Bxf8 40.Qc3 b5 41.Be2 Bd6 42.Bf1 Qf3 43.Qd2 h5
44.Be2 Qe4 45.Qd1 g6 46.Bf1 Kg7 47.Nc5 Qf5 48.Bg2  1/2-1/2

[Event "Cannes"]
[Site "Cannes"]
[Date "1986.??.??"]
[Round "7"]
[White "Andruet, Gilles"]
[Black "Miralles, Gilles"]
[Result "1/2-1/2"]
[WhiteElo "2410"]
[BlackElo "2360"]

1.d4 Nf6 2.c4 e6 3.Nf3 b6 4.g3 Ba6 5.b3 Bb4+ 6.Bd2 Be7 7.Bg2 d5 8.cxd5 Nxd5
9.Nc3 Nd7 10.Nxd5 exd5 11.O-O O-O 12.Rc1 Re8 13.Rc2 c5 14.Be3 Bb7 15.Qc1 a5
16.Rd1 a4 17.Ne1 axb3 18.axb3 Bf6 19.Bf3 Ra5 20.dxc5 bxc5 21.Bxc5 Ra1 22.Qd2 Bg5
23.Qd4 Bf6 24.Qd2 Bg5 25.Qd4 Bf6 26.Rxa1 Bxd4 27.Bxd4 Ne5 28.Bxe5 Rxe5 29.Nd3 Re7
30.b4 g6 31.b5 Qb6 32.Rb1 Kg7 33.Nf4 Rd7 34.e3 d4 35.Bxb7 Rxb7 36.exd4 Qxd4
37.Rcb2 Rb6 38.Rb4 Qd2 39.Ng2 h5 40.Ne3 Qe2 41.h4 Kh6 42.Nd5 Rd6 43.R4b2 Qe4
44.Nf4 Rb6 45.Rb4 Qf3 46.Ng2 Kg7 47.Ne3 Qe2 48.Nd5 Rd6 49.R4b2 Qe4 50.b6 Rxd5
51.b7 Rd8 52.b8=Q Rxb8 53.Rxb8 Qf3 54.R8b4 Qd5 55.Rb5 Qe4 56.R1b4 Qe1+ 57.Kg2 Kh6
58.Rf4 Qe6 59.Kh2 Qc6 60.Rb3 Qd5 61.Rbf3 f5 62.Re3 Qd6 63.Rc3 Qb6 64.Rd3 Qc6
65.Rfd4 Qc2 66.Kg1 Qc5 67.Rd5 Qc6 68.Rd6 Qc1+ 69.Rd1 Qc2 70.Re1 f4 71.gxf4 Qf5
72.Ree6 Qg4+ 73.Kf1 Qxh4 74.Rxg6+ Kh7 75.Rh6+ Kg7 76.Rdg6+ Kf7 77.Rg3 Qh1+
78.Rg1 Qf3 79.Rg3 Qh1+ 80.Ke2 h4 81.Re3 Kg7 82.Rd6 Qb7 83.Rdd3 Kf6 84.Re5 Qc6
85.Red5 Qe6+ 86.Kf1 Qe4 87.Rd6+ Kf7  1/2-1/2

[Event "Troll Masters"]
[Site "Gausdal"]
[Date "1986.??.??"]
[Round "?"]
[White "Ostenstad, Berge"]
[Black "Agdestein, Espen"]
[Result "1-0"]
[WhiteElo "2370"]
[BlackElo "2340"]

1.d4 Nf6 2.c4 e6 3.Nf3 b6 4.g3 Ba6 5.b3 d5 6.cxd5 exd5 7.Bg2 Bb4+ 8.Bd2 Be7
9.O-O O-O 10.Ne5 Bb7 11.Nc3 Na6 12.a3 c5 13.Be3 Re8 14.Na4 Rc8 15.Nd3 Ne4
16.Bh3 Ra8 17.Nf4 Bf6 18.Rc1 Be7 19.Rc2 Qd6 20.dxc5 bxc5 21.Bg2 d4 22.Bc1 Rad8
23.Qd3 Bf8 24.Nb2 Qe7 25.Nc4 Nc7 26.e3 Qf6 27.Bb2 Bc6 28.h4 g5 29.hxg5 Nxg5
30.exd4 Bxg2 31.Kxg2 Qc6+ 32.f3 cxd4 33.Ne5 Qd6 34.Ng4 f5 35.Qxf5  1-0

[Event "Bundesliga 8586"]
[Site "Germany"]
[Date "1986.??.??"]
[Round "?"]
[White "Schuh, Hubert"]
[Black "Bauer, Peter"]
[Result "1/2-1/2"]
[WhiteElo "2290"]
[BlackElo "2260"]

1.d4 Nf6 2.c4 e6 3.Nf3 b6 4.g3 Ba6 5.b3 Bb4+ 6.Bd2 Be7 7.Bg2 d5 8.O-O O-O
9.Ne5 Bb7 10.Bc3 a5 11.Nd2 Na6 12.a3 c5 13.Qb1 Rb8 14.Qb2 Ba8 15.Rfd1 b5
16.dxc5 Nxc5 17.cxd5 Nxd5 18.Bd4 f6 19.Nef3 e5 20.Bxc5 Bxc5 21.Ne4 Qe7 22.Nxc5 Qxc5
23.Rac1 Qb6 24.Nh4 Rfd8 25.b4 Ne7 26.Qb3+ Kf8 27.Bxa8 Rxa8 28.Qc2 g6 29.Rxd8+ Rxd8
30.Nf3 axb4 31.axb4 Rc8 32.Qd2 Rxc1+ 33.Qxc1 Qd6 34.Qh6+ Ke8 35.Qxh7 Qxb4
36.Qg7 e4 37.Nh4 g5 38.Ng6 Nxg6 39.Qxg6+ Ke7 40.Kg2 Qc4 41.Qh7+ Kd6 42.Qf5 Ke7
43.Qh7+ Ke6 44.Qg8+ Ke7 45.Qh7+ Kd6 46.Qf5 Ke7 47.Qh7+ Kf8 48.Qh8+ Kf7 49.Qh7+ Ke6
50.Qg8+ Ke7 51.Qh7+ Ke6  1/2-1/2

[Event "FRG-qual Sued"]
[Site "Germany"]
[Date "1986.??.??"]
[Round "?"]
[White "Schuh, Hubert"]
[Black "Bletz, Harald"]
[Result "1/2-1/2"]
[WhiteElo "2290"]
[BlackElo "2320"]

1.c4 b6 2.d4 Nf6 3.Nf3 e6 4.g3 Ba6 5.b3 d5 6.Bg2 Bb4+ 7.Bd2 Be7 8.O-O O-O
9.Qc2 Nbd7 10.Bf4 Rc8 11.Rd1 c5 12.dxc5  1/2-1/2

[Event "Havana-A"]
[Site "Havana"]
[Date "1986.??.??"]
[Round "?"]
[White "Garcia Gonzales, Guillermo"]
[Black "Klinger, Josef"]
[Result "1-0"]
[WhiteElo "2495"]
[BlackElo "2445"]

1.d4 Nf6 2.Nf3 e6 3.c4 b6 4.g3 Ba6 5.b3 Bb4+ 6.Bd2 Be7 7.Nc3 O-O 8.e4 d5
9.cxd5 Bxf1 10.Kxf1 exd5 11.e5 Ne4 12.Kg2 f5 13.exf6 Bxf6 14.Re1 Bxd4 15.Nxe4 dxe4
16.Nxd4 Qxd4 17.Bf4 Qxd1 18.Raxd1 c5 19.Rd6 Re8 20.a3 Kf7 21.Red1 h6 22.R1d5 Re7
23.Rd8 Re8 24.Rf5+ Ke7 25.Rd6 g5 26.Be5 Nd7 27.Rxh6 Nxe5 28.Rxe5+ Kf7 29.Rxg5 e3
30.fxe3 Rxe3 31.Rf5+ Kg7 32.Rh4 Rxb3 33.Rg4+ Kh6 34.Kh3 Rb2 35.Rf6+ Kh7 36.Rf7+ Kh6
37.Rfg7  1-0

[Event "Helsinki"]
[Site "Helsinki"]
[Date "1986.??.??"]
[Round "1"]
[White "Tisdall, Jonathan D"]
[Black "Arnason, Jon L"]
[Result "1-0"]
[WhiteElo "2455"]
[BlackElo "2500"]

1.d4 Nf6 2.c4 e6 3.Nf3 b6 4.g3 Ba6 5.b3 Bb4+ 6.Bd2 Be7 7.Nc3 O-O 8.e4 d5
9.cxd5 Bxf1 10.Kxf1 Bb4 11.dxe6 Bxc3 12.Bxc3 Nxe4 13.Bb4 c5 14.dxc5 Nc6 15.Qxd8 Rfxd8
16.exf7+ Kxf7 17.Ba3 Nd2+ 18.Nxd2 Rxd2 19.Kg2 b5 20.Rhd1 Rad8 21.Rxd2 Rxd2
22.Kf3 Rc2 23.Bc1 Rxc5 24.Be3 Rf5+ 25.Ke4 Ke6 26.f4 Rd5 27.Rc1 Kd6 28.g4 g6
29.Rc2 Nb4 30.Rc8 Nxa2 31.Bxa7 Rd1 32.Rd8+ Ke6 33.Rxd1 Nc3+  1-0

[Event "HUN-ch"]
[Site "?"]
[Date "1986.??.??"]
[Round "?"]
[White "Groszpeter, Attila"]
[Black "Petran, Pal"]
[Result "0-1"]
[WhiteElo "2470"]
[BlackElo "2420"]

1.d4 Nf6 2.c4 e6 3.Nf3 b6 4.g3 Ba6 5.b3 Bb7 6.Bg2 Bb4+ 7.Bd2 a5 8.O-O O-O
9.Qc2 Na6 10.Nc3 d5 11.Rad1 Qe7 12.cxd5 exd5 13.Nh4 Rfe8 14.Rfe1 Ne4 15.Nxe4 dxe4
16.Bxb4 Nxb4 17.Qb2 Qf6 18.a3 Nd5 19.Bh1 Nf4 20.e3 Nh3+ 21.Kg2 Ng5 22.Kg1 Bc8
23.Bg2 Bb7 24.Qc2 Rac8 25.b4 axb4 26.axb4 Bd5 27.Bf1 c6 28.Ra1 Ra8 29.Qc3 g6
30.Rxa8 Rxa8 31.Ra1 Qd8 32.Ra3 Qf8 33.Be2 Qc8 34.Ng2 Nh3+ 35.Kf1 Rxa3 36.Qxa3 g5
37.g4 h5 38.Qa6 Qb8 39.Ke1 Qxh2 40.Bf1 Qg1 41.Qc8+ Kg7 42.Qf5 Bc4 43.Qe5+ f6
44.Qe7+ Bf7 45.gxh5 Qxf2+ 46.Kd1 Qxf1+ 47.Ne1 Ng1 48.h6+ Kxh6  0-1

[Event "HUN-ch"]
[Site "?"]
[Date "1986.??.??"]
[Round "?"]
[White "Schneider, Attila"]
[Black "Lengyel, Levente"]
[Result "1/2-1/2"]
[WhiteElo "2440"]
[BlackElo "2385"]

1.d4 Nf6 2.c4 e6 3.Nf3 b6 4.g3 Ba6 5.Nbd2 Bb4 6.Qc2 Bb7 7.Bg2 O-O 8.O-O Bxd2
9.Bxd2 Be4 10.Qc3 d6 11.Rfd1 Nbd7 12.Rac1 a5 13.Bh3 Bb7 14.Be1 Ne4 15.Qe3 Re8
16.Bg2 Ra7 17.Bc3 Ndf6 18.h3 Nxc3 19.Qxc3 Qa8 20.Qe3 h6 21.Qf4 Qd8 22.Ne1 Bxg2
23.Nxg2 Qe7 24.e4 e5 25.dxe5 Qxe5 26.Qxe5 Rxe5 27.f3 b5 28.Ne3 bxc4 29.Rxc4 Rb5
30.Rd2 a4 31.Rcc2 Kf8 32.Kf2 g6 33.Nd1 Nd7 34.Nc3 Rc5 35.Rd4 Nb6 36.Rb4 Raa5
37.Rd2 a3 38.Rd3 axb2 39.Rxb2  1/2-1/2

[Event "HUN-ch"]
[Site "?"]
[Date "1986.??.??"]
[Round "?"]
[White "Petran, Pal"]
[Black "Lukacs, Peter"]
[Result "1/2-1/2"]
[WhiteElo "2420"]
[BlackElo "2460"]

1.d4 Nf6 2.c4 e6 3.Nf3 b6 4.g3 Ba6 5.b3 Bb4+ 6.Bd2 Be7 7.Nc3 d5 8.cxd5 exd5
9.Bg2 O-O 10.O-O Bb7 11.Rc1 Na6 12.Bf4 Re8 13.Qc2 h6 14.Qb2 Qd7 15.Ne5 Qe6
16.Nd3 Ne4 17.Nd1 c5 18.Be3 Bg5 19.Nf4 Bxf4 20.Bxf4 Ng5 21.Bxg5 hxg5 22.Ne3 Rad8
23.Rfd1 Re7 24.Rd2 Red7 25.Rcd1 g6 26.Qa3 f5 27.dxc5 Nxc5 28.b4 d4 29.bxc5 dxe3
30.Rxd7 exf2+ 31.Kxf2 Rxd7 32.Rxd7 Qxd7 33.Qb3+ Kh7 34.Bxb7 Qxb7 35.cxb6 axb6
36.Qe3 g4  1/2-1/2

[Event "HUN-ch"]
[Site "?"]
[Date "1986.??.??"]
[Round "?"]
[White "Petran, Pal"]
[Black "Lengyel, Levente"]
[Result "1/2-1/2"]
[WhiteElo "2420"]
[BlackElo "2385"]

1.d4 Nf6 2.c4 e6 3.Nf3 b6 4.g3 Ba6 5.b3 Bb4+ 6.Bd2 Be7 7.Nc3 d5 8.cxd5 Nxd5
9.Nxd5 exd5 10.Bg2 O-O 11.O-O Nd7 12.Rc1 Re8 13.Be3 c5 14.Re1 Bb7 15.Bh3 cxd4
16.Nxd4 Bc5 17.Bg2 Nf6 18.Nf5 Bb4 19.Bd2 Ba3 20.Rc2 Ne4 21.Qa1 f6 22.Bc1 Bb4
23.Rd1 Rc8 24.Bxe4 Rxe4 25.Qb1 Qd7 26.Rxc8+ Qxc8 27.Nd4 Bc5 28.Be3 Ba6 29.Qc2 Qh3
30.Qc3 h6 31.Rd2 Qh5 32.f3 Re7 33.b4 Bxd4 34.Bxd4 Bc4 35.a4 Qe8 36.Kg2 Qxa4  1/2-1/2

[Event "HUN-ch"]
[Site "?"]
[Date "1986.??.??"]
[Round "?"]
[White "Lengyel, Levente"]
[Black "Horvath, Jozsef"]
[Result "1/2-1/2"]
[WhiteElo "2385"]
[BlackElo "2475"]

1.d4 Nf6 2.Nf3 e6 3.c4 b6 4.g3 Ba6 5.b3 Bb7 6.Bg2 Bb4+ 7.Bd2 a5 8.O-O O-O
9.Nc3 Na6 10.Qc2 d5 11.cxd5 exd5 12.a3 Bd6 13.Nb5 Be7 14.Bc1 c6 15.Nc3 Nc7
16.Bb2 Ne6 17.Rfd1 Rc8 18.e4 b5 19.e5 Nd7 20.Qe2 Nb6 21.a4 b4 22.Nb1 c5 23.dxc5 Bxc5
24.Nbd2 Qe7 25.Nf1 Rfd8 26.Ne3 g6 27.Nc2 Na8  1/2-1/2

[Event "HUN-ch"]
[Site "?"]
[Date "1986.??.??"]
[Round "?"]
[White "Sinkovics, Peter"]
[Black "Farago, Ivan"]
[Result "0-1"]
[WhiteElo "2415"]
[BlackElo "2520"]

1.d4 Nf6 2.c4 e6 3.Nf3 b6 4.g3 Ba6 5.b3 Bb4+ 6.Bd2 Be7 7.Nc3 c6 8.e4 d5 9.Qe2 dxe4
10.Nxe4 Bb7 11.Bg2 c5 12.Nfg5 Nxe4 13.Nxe4 Nc6 14.dxc5 bxc5 15.O-O O-O 16.Rad1 Nd4
17.Qh5 Qb6 18.Be3 Rad8 19.Rd2 f5 20.Ng5 h6 21.Nf3 Bf6 22.Rfd1 e5 23.Bxd4 cxd4
24.c5 Qa6 25.Nh4 Bxg2 26.Kxg2 Bxh4 27.Qxh4 Qc6+ 28.Kg1 Qxc5 29.Qh5 e4 30.Qh4 d3
31.Qf4 g5 32.Qe3 Qxe3 33.fxe3 f4 34.gxf4 gxf4 35.Kf2 Rde8 36.Re1 Kh7 37.exf4 Rxf4+
38.Ke3 Rh4 39.Rg2 Rh3+ 40.Kd2 Rc8 41.Kd1 e3 42.Rg3 Rxg3 43.hxg3 Re8  0-1

[Event "HUN-ch"]
[Site "?"]
[Date "1986.??.??"]
[Round "?"]
[White "Sinkovics, Peter"]
[Black "Horvath, Jozsef"]
[Result "0-1"]
[WhiteElo "2415"]
[BlackElo "2475"]

1.d4 Nf6 2.c4 e6 3.Nf3 b6 4.g3 Ba6 5.b3 Bb7 6.Bg2 Bb4+ 7.Bd2 a5 8.O-O O-O
9.Nc3 Na6 10.a3 Be7 11.Bc1 d5 12.Ne5 c5 13.e3 cxd4 14.exd4 Qc8 15.Na4 Bd8
16.Be3 Bc7 17.Rc1 Qe8 18.f4 Ne4 19.c5 bxc5 20.dxc5 f6 21.c6 Bc8 22.Nc4 Qe7
23.Ncb6 Rb8 24.Nxd5 exd5 25.Qxd5+ Kh8 26.Bxe4 f5 27.Ba7 fxe4 28.Bxb8 Bxb8
29.Kg2 e3 30.f5 e2 31.Rfe1 Bxf5 32.Nc3 Bg4 33.Rc2 Qf6  0-1

[Event "HUN-ch"]
[Site "?"]
[Date "1986.??.??"]
[Round "?"]
[White "Sinkovics, Peter"]
[Black "Petran, Pal"]
[Result "0-1"]
[WhiteElo "2415"]
[BlackElo "2420"]

1.d4 Nf6 2.c4 e6 3.Nf3 b6 4.g3 Ba6 5.b3 Bb7 6.Bg2 Bb4+ 7.Bd2 a5 8.O-O d5
9.Ne5 O-O 10.Bg5 Be7 11.Nc3 Ne4 12.Nxe4 Bxg5 13.Nxg5 Qxg5 14.Rc1 Qe7 15.Qc2 Na6
16.cxd5 exd5 17.e3 c5 18.Rfd1 Rfd8 19.Qb2 Nc7 20.dxc5 bxc5 21.Nd3 Ne6 22.Qe5 f6
23.Qb2 d4 24.e4 Rdc8 25.f4 Rc7 26.Re1 Ra7 27.h4 Ba6 28.Qd2 c4 29.bxc4 Bxc4
30.e5 f5 31.Rc2 Bxd3 32.Qxd3 Rxc2 33.Qxc2 g6 34.Bd5 Kg7 35.Qc8 Rd7 36.Rb1 Nc5
37.Qg8+ Kh6 38.Bf3 d3 39.Rd1 d2 40.Kg2 Nd3 41.g4 fxg4 42.Bxg4 Nxf4+ 43.Kg3 Rd3+
44.Bf3 Ne6  0-1

[Event "URS-FL"]
[Site "Irkutsk"]
[Date "1986.??.??"]
[Round "?"]
[White "Romanishin, Oleg M"]
[Black "Aseev, Konstantin N"]
[Result "1/2-1/2"]
[WhiteElo "2560"]
[BlackElo "2440"]

1.d4 Nf6 2.c4 e6 3.Nf3 b6 4.g3 Ba6 5.Nbd2 c5 6.e4 cxd4 7.e5 Ng4 8.h3 Nh6
9.Bg2 Nc6 10.O-O Nf5 11.b3 d5 12.Bb2 Bb4 13.Rc1 Rc8 14.cxd5 Bxf1 15.Qxf1 Bxd2
16.Rxc6 Bc3 17.Ba3 Rxc6 18.dxc6 d3 19.g4 Ne7 20.Bd6 d2 21.c7 Qd7 22.Nxd2 Bxd2
23.Qa6 O-O 24.Bxe7 Qxc7 25.Bxf8 Kxf8 26.Qa3+ Kg8 27.Qd6 Qc1+ 28.Bf1 g6 29.Qd8+  1/2-1/2

[Event "BKL-Turnier"]
[Site "Leipzig"]
[Date "1986.??.??"]
[Round "9"]
[White "Stohl, Igor"]
[Black "Danailov, Silvio"]
[Result "1-0"]
[WhiteElo "2465"]
[BlackElo "2425"]

1.d4 Nf6 2.c4 e6 3.Nf3 b6 4.g3 Ba6 5.Qb3 c6 6.Bf4 d5 7.cxd5 Nxd5 8.Bg5 Be7
9.Bxe7 Qxe7 10.Nbd2 O-O 11.Rc1 Rc8 12.e4 Bxf1 13.Kxf1 Nf6 14.e5 Ne8 15.Kg2 Qb7
16.Ne4 Na6 17.Rc4 Rc7 18.Rhc1 Rac8 19.a3 h6 20.Qe3 c5 21.dxc5 bxc5 22.R1c2 Qd5
23.Qc3 Kf8 24.Qa5 Qc6 25.Ra4 Nb8 26.Rxc5 Qa8 27.Rac4 Rxc5 28.Rxc5 Nc6 29.Qb5 Rc7
30.Qc4 Kg8 31.Kg1 a5 32.Qc2 Qa6 33.Rc3 Qb6 34.Kg2 Nd4 35.Nxd4 Qxd4 36.Nd6 Rxc3
37.Qxc3 Qd5+ 38.Qf3 Nxd6 39.Qxd5 exd5 40.exd6 Kf8 41.Kf3  1-0

[Event "Leningrad tt"]
[Site "Leningrad"]
[Date "1986.??.??"]
[Round "?"]
[White "Ionov, Sergey"]
[Black "Cherepkov, Alexander V"]
[Result "1-0"]
[WhiteElo "2320"]
[BlackElo "2415"]

1.d4 Nf6 2.c4 e6 3.Nf3 b6 4.g3 Ba6 5.b3 Bb4+ 6.Bd2 Be7 7.Nc3 O-O 8.e4 d5
9.cxd5 exd5 10.Bxa6 Nxa6 11.e5 Ne4 12.Qe2 Nxc3 13.Bxc3 Qc8 14.O-O c5 15.Rfd1 Nc7
16.dxc5 bxc5 17.Ba5 d4 18.Bxc7 Qxc7 19.Rac1 Qb6 20.Nd2 Rfe8 21.Nc4 Qe6 22.Qf3 Rad8
23.Rc2 Bf8 24.Kg2 g6 25.Re2 Bg7 26.Rde1 Qd7 27.Qd3 Qb7+ 28.Kg1 Qd7 29.f4 Re6
30.Kf2 f6 31.exf6 Rxf6 32.Re7 Qh3 33.Ne5 Qxh2+ 34.Kf3 h5 35.Nxg6 Qh3 36.Re8+ Rxe8
37.Rxe8+ Bf8 38.Nxf8 Kf7 39.Rb8 Qh1+ 40.Kf2 Qh2+ 41.Ke1 Qg1+ 42.Kd2 Qf2+
43.Kd1 Qg1+ 44.Kd2 Qf2+ 45.Qe2 Qxe2+ 46.Kxe2 Ra6 47.Nd7 Rxa2+ 48.Kd3 Rg2
49.Nxc5 Rxg3+ 50.Kxd4 h4 51.Ne4 Rg1 52.Ke5 Re1 53.Kf5 Re3 54.Rb7+ Ke8 55.b4 a6
56.Nc5 Ra3 57.Ne6  1-0

[Event "Lvov Int"]
[Site "Lvov"]
[Date "1986.??.??"]
[Round "?"]
[White "Shneider, Aleksandr"]
[Black "Novikov, Igor A"]
[Result "1/2-1/2"]
[WhiteElo "2480"]
[BlackElo "2490"]

1.d4 Nf6 2.c4 e6 3.Nf3 b6 4.g3 Ba6 5.b3 Bb7 6.Bg2 Bb4+ 7.Bd2 a5 8.O-O O-O
9.Bg5 Be7 10.Nc3 Ne4 11.Bxe7 Qxe7 12.Qc2 Nxc3 13.Qxc3 d6 14.Ne1 Bxg2 15.Nxg2 c5  1/2-1/2

[Event "SWE-ch"]
[Site "Malmo"]
[Date "1986.??.??"]
[Round "?"]
[White "Welin, Thomas"]
[Black "Schneider, Lars Ake"]
[Result "0-1"]
[WhiteElo "2410"]
[BlackElo "2430"]

1.d4 Nf6 2.Nf3 e6 3.c4 b6 4.g3 Ba6 5.Qa4 c5 6.Bg2 Bb7 7.O-O cxd4 8.Nxd4 Bxg2
9.Kxg2 Qc7 10.Nc3 Be7 11.f3 a6 12.Rd1 O-O 13.Bf4 Qb7 14.Rd2 Rc8 15.e4 d6
16.Nde2 Ne8 17.Rad1 Nd7 18.e5 b5 19.cxb5 d5 20.bxa6 Rxa6 21.Qc2 g5 22.Be3 Nxe5
23.Nd4 Nc4 24.Re2 Rxa2 25.Bc1 Raa8 26.h4 gxh4 27.gxh4 Nf6 28.Kh1 Kh8 29.Rg1 Rg8
30.Bg5 Nh5 31.Reg2 Bxg5 32.Rxg5 Rxg5 33.hxg5 Qxb2  0-1

[Event "SWE-ch"]
[Site "Malmo"]
[Date "1986.??.??"]
[Round "?"]
[White "Welin, Thomas"]
[Black "Ornstein, Axel"]
[Result "1/2-1/2"]
[WhiteElo "2410"]
[BlackElo "2405"]

1.d4 Nf6 2.Nf3 e6 3.c4 b6 4.g3 Ba6 5.Qa4 c6 6.Nc3 b5 7.cxb5 cxb5 8.Nxb5 Qb6
9.Nc3 Bb4 10.Bg2 O-O 11.Qd1 Ne4 12.Bd2 f5 13.O-O Nc6 14.d5 Nxd2 15.Nxd2 Nd4
16.Re1 Rac8 17.e3 Nb5 18.Nxb5 Bxb5 19.a3 Be7 20.Qb3 Bf6 21.dxe6 dxe6 22.Nf3 Bd7
23.Qxb6 axb6 24.Nd4 e5 25.Bd5+ Kh8 26.Ne6 Rfe8 27.Rac1 Rxc1 28.Rxc1 g6 29.Nc7 Rc8
30.Bb7 Rb8 31.Bc6 Bc8 32.Rd1 e4 33.b4 g5 34.b5 f4 35.Na6 Bg4 36.Nxb8 Bxd1
37.Nd7 fxe3 38.fxe3 Be7 39.Nxb6 Bxa3 40.Bxe4 Bc5 41.Nd5 Bb3 42.Kf2 Bxd5 43.Bxd5 Kg7
44.Kf3 Kf6 45.e4 h6 46.Bc6 Bg1 47.h3 Bb6 48.Kg4 Bc7 49.Bd7 Ke7 50.Bf5 Kf6
51.Kh5 Kg7 52.g4 Bg3 53.b6 Bf2 54.b7 Bg3 55.Bd7 Bf4 56.h4 gxh4 57.Kxh4 Kf6
58.Ba4  1/2-1/2

[Event "Paris"]
[Site "Paris"]
[Date "1986.??.??"]
[Round "?"]
[White "Dlugy, Maxim"]
[Black "Popovic, Petar"]
[Result "1-0"]
[WhiteElo "2500"]
[BlackElo "2540"]

1.d4 Nf6 2.c4 e6 3.Nf3 b6 4.g3 Ba6 5.Qa4 c5 6.Bg2 Bb7 7.dxc5 Bxc5 8.O-O O-O
9.Nc3 Be7 10.Bf4 Na6 11.Rad1 Qc8 12.Nb5 Ne4 13.Nd2 Nac5 14.Qc2 a6 15.Nxe4 axb5
16.Bd6 Bxe4 17.Bxe4 Nxe4 18.Bxe7 Re8 19.Qxe4 Rxe7 20.cxb5 Rxa2 21.Qb4 Re8
22.Rd6 Qc5 23.Qxc5 bxc5 24.Rc1 Rd8 25.b4 c4 26.Rxc4 Kf8 27.Ra6 Rd2 28.b6 Rb8
29.Ra8  1-0

[Event "Paris"]
[Site "Paris"]
[Date "1986.??.??"]
[Round "?"]
[White "Gulko, Boris F"]
[Black "Miralles, Gilles"]
[Result "1-0"]
[WhiteElo "2520"]
[BlackElo "2410"]

1.d4 Nf6 2.c4 e6 3.Nf3 b6 4.g3 Ba6 5.Qa4 c5 6.Bg2 Bb7 7.dxc5 Bxc5 8.Nc3 O-O
9.O-O Be7 10.Rd1 Na6 11.Bf4 Qc8 12.Nb5 Ne4 13.Nd2 Nec5 14.Qa3 Bxg2 15.Kxg2 Qc6+
16.Nf3 Qe4 17.Bd6 Bxd6 18.Nxd6 Qc6 19.b4 Qa4 20.Qxa4 Nxa4 21.a3 f6 22.Nb5 Rfd8
23.Rd2 Kf8 24.Rad1 Ke7 25.e4 Rac8 26.Rc2 Nc7 27.Nxa7 Ra8 28.Nb5 Nxb5 29.cxb5 Rac8
30.Rdc1 Rxc2 31.Rxc2 d5 32.Nd4 Rd7 33.Kf3 dxe4+ 34.Kxe4 e5 35.Nf5+ Kd8 36.Rc6 Rd2
37.Ke3 Ra2 38.Nxg7 Rxa3+ 39.Ke4 Rb3 40.Rxf6 Rxb4+ 41.Kxe5 Rxb5+ 42.Kd6 Kc8
43.Ne6 Rb2  1-0

[Event "POL-chT"]
[Site "Porabka"]
[Date "1986.??.??"]
[Round "?"]
[White "Sygulski, Artur"]
[Black "Grabowski, Andrzej"]
[Result "1-0"]
[WhiteElo "2440"]
[BlackElo "2265"]

1.d4 Nf6 2.c4 e6 3.Nf3 b6 4.g3 Ba6 5.b3 Bb4+ 6.Bd2 Be7 7.Bg2 O-O 8.O-O c6
9.Nc3 d5 10.Bf4 Nbd7 11.Rc1 dxc4 12.bxc4 Bxc4 13.Nd2 Ba6 14.Bxc6 Rc8 15.Qa4 Rxc6
16.Qxc6 Qa8 17.Qxa8 Rxa8 18.a4 Ba3 19.Rb1 Rc8 20.Rb3 Bb4 21.Nde4 Ba5 22.Nxf6+ gxf6
23.Nb5 e5 24.Be3 exd4 25.Bxd4 Kg7 26.Ra1 Rc2 27.e3 Nc5 28.Bxc5 bxc5 29.Nxa7 c4
30.Rbb1 Bd2 31.Rb6 c3 32.Rxa6 Rb2 33.Rc6 c2 34.Rf1  1-0

[Event "POL-chT"]
[Site "Porabka"]
[Date "1986.??.??"]
[Round "?"]
[White "Praszak, Michal"]
[Black "Kozlowski, Waldemar"]
[Result "1-0"]
[WhiteElo "2230"]
[BlackElo "2240"]

1.d4 Nf6 2.c4 e6 3.Nf3 b6 4.g3 Ba6 5.b3 Bb4+ 6.Bd2 Be7 7.Bg2 Bb7 8.Nc3 O-O
9.Qc2 d5 10.cxd5 exd5 11.O-O Na6 12.Rfd1 c5 13.dxc5 Nxc5 14.Bf4 Qc8 15.Qb2 Nce4
16.Rac1 Bc5 17.e3 Qf5 18.b4 Be7 19.Nd4 Qh5 20.Bf3 Qh3 21.Ncb5 a6 22.Bg2 Qh5
23.Nc7 Rac8 24.f3 Nd6 25.g4 Qg6 26.Bf1 Nc4 27.Bxc4 dxc4 28.Nf5 Rxc7 29.Nh4 c3
30.Rxc3 Rxc3 31.Nxg6 hxg6 32.Qxc3 Bxf3 33.Rd4 Nxg4 34.Qc7 Bf6 35.Rd7 g5 36.Bd6 Re8
37.Be7 Be5 38.Qxb6 Bxh2+ 39.Kf1 Kh7 40.Qc5 Ne5 41.Rd8 Rxe7 42.Qxe7 Kg6 43.Rh8 Bg3
44.Rh3  1-0

[Event "FIN-ch"]
[Site "Pori"]
[Date "1986.??.??"]
[Round "?"]
[White "Paavilainen, Jorma"]
[Black "Maki, Veijo"]
[Result "1/2-1/2"]
[WhiteElo "2320"]
[BlackElo "2360"]

1.d4 Nf6 2.c4 e6 3.Nf3 b6 4.g3 Ba6 5.b3 Bb4+ 6.Bd2 Be7 7.Nc3 O-O 8.e4 d5
9.cxd5 Bxf1 10.Kxf1 exd5 11.e5 Ne4 12.Kg2 f5  1/2-1/2

[Event "Poznan"]
[Site "Poznan"]
[Date "1986.??.??"]
[Round "2"]
[White "Condie, Mark L"]
[Black "Stempin, Pawel"]
[Result "1-0"]
[WhiteElo "2425"]
[BlackElo "2400"]

1.Nf3 Nf6 2.c4 b6 3.d4 e6 4.g3 Ba6 5.Qa4 c5 6.Bg2 Bb7 7.dxc5 Bxc5 8.Nc3 O-O
9.O-O Be7 10.Bf4 Na6 11.Rad1 Nc5 12.Qc2 Nce4 13.Ne5 Nxc3 14.Bxb7 Nxd1 15.Rxd1 d5
16.cxd5 exd5 17.Nc6 Qd7 18.Nxe7+ Qxe7 19.Bxa8 Rxa8 20.Bg5 Rd8 21.Rd4 h6 22.Bxf6 Qxf6
23.Qd2 g6 24.e4 Kg7 25.exd5 Rd6 26.Kg2 h5 27.h4 Qe5 28.Qd3 a5 29.Qc4 Qf5
30.Rd2 Qe5 31.Qc3 Kf6 32.Qc4 Kg7 33.a4 Kf6 34.Rd3 Kg7 35.Qc3 Qxc3 36.bxc3 Kf6
37.Kf3 Ke5 38.c4 Rd7 39.Ke3 Re7 40.Rb3 Kd6+ 41.Kd4 Kc7 42.Re3 Rd7 43.Ke5  1-0

[Event "Solingen"]
[Site "Solingen"]
[Date "1986.??.??"]
[Round "?"]
[White "Ostermeyer, Peter"]
[Black "Lau, Ralf"]
[Result "0-1"]
[WhiteElo "2455"]
[BlackElo "2455"]

1.d4 Nf6 2.c4 e6 3.Nf3 b6 4.g3 Ba6 5.b3 d5 6.Bg2 dxc4 7.Ne5 Bb4+ 8.Kf1 Bd6
9.Nxc4 Nd5 10.Bb2 Nc6 11.Nbd2 f5 12.h4 O-O 13.Bf3 Be7 14.Kg2 Bb7 15.Rc1 Bf6
16.e3 Qd7 17.Qe2 Rae8 18.a3 Kh8 19.h5 Qf7 20.b4 a6 21.Ne5 Nxe5 22.dxe5 Be7
23.Nb3 Rc8 24.Bd4 Kg8 25.Rhd1 g5 26.hxg6 hxg6 27.Rh1 g5 28.Kg1 Kg7 29.Bh5 Rh8
30.Bf3 g4 31.Bg2 Rxh1+ 32.Bxh1 Rh8 33.Bg2 Qh5 34.Nd2 Qh2+ 35.Kf1 Qh1+  0-1

[Event "Agzamov mem"]
[Site "Tashkent"]
[Date "1986.??.??"]
[Round "8"]
[White "Epishin, Vladimir"]
[Black "Novikov, Igor A"]
[Result "1/2-1/2"]
[WhiteElo "2370"]
[BlackElo "2490"]

1.d4 Nf6 2.c4 e6 3.Nf3 b6 4.g3 Ba6 5.Nbd2 Bb7 6.Bg2 c5 7.O-O cxd4 8.b3 Qc7
9.Nxd4 Bxg2 10.Kxg2 Qb7+ 11.Kg1 Nc6 12.Nxc6 Qxc6 13.Bb2 Be7 14.e4 d6 15.Re1 O-O
16.Qe2 Rfd8 17.Nf3 Nd7 18.e5 dxe5 19.Nxe5 Nxe5 20.Bxe5 Rd7 21.Rad1 Rad8 22.Rxd7 Rxd7
23.Rd1 Rxd1+ 24.Qxd1 f6 25.Bf4 Bc5 26.Qd3 a5 27.Be3 Bxe3 28.Qxe3 Qd6 29.Kg2 Kf7
30.Qf3 h6  1/2-1/2

[Event "Agzamov mem"]
[Site "Tashkent"]
[Date "1986.??.??"]
[Round "11"]
[White "Panchenko, Alexander N"]
[Black "Lerner, Konstantin Z"]
[Result "1/2-1/2"]
[WhiteElo "2435"]
[BlackElo "2530"]

1.d4 Nf6 2.c4 e6 3.Nf3 b6 4.g3 Ba6 5.b3 Bb4+ 6.Bd2 Be7 7.Bg2 O-O 8.Nc3 c6
9.O-O d5 10.cxd5 cxd5 11.Ne5 Bb7 12.Bc1 Nfd7 13.Nxd7 Nxd7 14.Bb2 Nf6 15.Rc1 Qd7
16.Qd3 Rfc8 17.Rc2 Rc7 18.Rfc1 Rac8 19.Nb1 Rxc2 20.Rxc2 Rxc2 21.Qxc2 Qc6
22.Qxc6 Bxc6 23.Nc3 Kf8 24.Kf1 Ke8 25.Ke1 Kd7 26.Kd2 g6 27.h3 h5 28.Kd3 Bb7
29.Bc1 Ba6+ 30.Kc2 Bb7 31.Kd3 Ba6+  1/2-1/2

[Event "USA-chJ"]
[Site "?"]
[Date "1986.??.??"]
[Round "?"]
[White "Rao, Vivek"]
[Black "Shtern, Igor"]
[Result "1-0"]
[WhiteElo "2405"]
[BlackElo "2295"]

1.d4 Nf6 2.Nf3 e6 3.c4 b6 4.g3 Ba6 5.Qa4 c5 6.Bg2 Bb7 7.O-O Be7 8.Rd1 O-O
9.Nc3 d6 10.d5 exd5 11.cxd5 a6 12.e4 b5 13.Qc2 Ne8 14.e5 h6 15.Ne4 c4 16.Bf4 Qb6
17.b3 cxb3 18.axb3 Nd7 19.Be3 Qd8 20.Qb2 Qb8 21.Bf4 Nb6 22.exd6 Nxd6 23.Nd4 f5
24.Nxd6 Bxd6 25.Ne6 Rf7 26.Rac1 Bxf4 27.Nxf4 Qd6 28.Re1 Rf6 29.Re6 Rxe6 30.Nxe6 Qe7
31.Rc7 Qf6 32.Rxg7+  1-0

[Event "Wuppertal-B"]
[Site "Wuppertal"]
[Date "1986.??.??"]
[Round "?"]
[White "Thiel, Kuno"]
[Black "Rigo, Janos"]
[Result "1/2-1/2"]
[WhiteElo "2340"]
[BlackElo "2365"]

1.Nf3 Nf6 2.c4 e6 3.d4 b6 4.g3 Ba6 5.b3 b5 6.cxb5 Bxb5 7.Bg2 d5 8.O-O Nbd7
9.Nc3 Ba6 10.Na4 Bb5 11.Nc3 Ba6 12.Na4 Bb5 13.Nc3  1/2-1/2